Starting points : water

Bibliographic Details
Main Author: Swallow, Su
Format: Book
Published: London : Franklin Watts , 1990
Series:Starting points
Subjects:

MARC

LEADER 00000cam a2200000 7i4500
001 0000002530
002 000002754
005 20060206.0
020 |a 0749602295 
090 0 0 |a 030   |b SWA 
100 1 |a Swallow, Su 
245 1 0 |a Starting points :   |b water   |c Su Swallow 
260 |a London :   |b Franklin Watts ,   |c 1990 
300 |a 32p. :   |b ill ;   |c 25cm. 
490 0 |a Starting points 
500 |a Library has 8 titles 
650 0 0 |a Water   |x Juvenile literature 
999 |a 036229   |b BUKU   |c JUNIOR BOOKS   |e PERPUSTAKAAN KOMUNITI PETALING JAYA